000 00325nam a2200145Ia 4500
100 _aBates/ Regis J.
942 _cBK
654 _aelectronics
245 _aWireless networked communication RISC
260 _bMc Graw Hill
_aNew york
_c1995
082 _a621.382
_bBAT
300 _a295
546 _aENGLISH
999 _c28664
_d28664